000 00530nam a22001817a 4500
999 _c190382
_d190382
005 20220722160750.0
010 _aENG-133895
020 _c125.00
035 _aEN-117427
037 _bDBAD/PUB
082 _a658.041
100 _aRasankar, Pradip
245 _aEntrepreneur's Guide/
_cPradip Rasankar
260 _aJaysingpur
_bKavitaSagar publication
_c2017
270 _bJaysingpur
_e416101
_k08484986064
_mkavitasagarpublication@gmail.com
300 _a96p.
_c21cm(pbk)
942 _2ddc
_cEN
_h658.041
_mRAS